X-ray structure determination: a practical guide (Record no. 1213865)
[ view plain ]
| 000 -LEADER | |
|---|---|
| fixed length control field | 01122nam a2200325Ia 4500 |
| 003 - CONTROL NUMBER IDENTIFIER | |
| control field | OSt |
| 005 - DATE AND TIME OF LATEST TRANSACTION | |
| control field | 20221007124640.0 |
| 008 - FIXED-LENGTH DATA ELEMENTS--GENERAL INFORMATION | |
| fixed length control field | 221006b |||||||| |||| 00| 0 eng d |
| 020 ## - INTERNATIONAL STANDARD BOOK NUMBER | |
| International Standard Book Number | 0471607118 (hbk) |
| 037 ## - SOURCE OF ACQUISITION | |
| Terms of availability | Textual |
| 040 ## - CATALOGING SOURCE | |
| Original cataloging agency | CDL |
| Transcribing agency | CDL |
| Language of cataloging | eng |
| 041 ## - LANGUAGE CODE | |
| Source of code | eng |
| Language code of text/sound track or separate title | eng |
| 100 ## - MAIN ENTRY--PERSONAL NAME | |
| Personal name | Stout George H |
| 9 (RLIN) | 719956 |
| 245 #0 - TITLE STATEMENT | |
| Title | X-ray structure determination: a practical guide |
| Remainder of title | Jensen Lyle H |
| 250 ## - EDITION STATEMENT | |
| Edition statement | 2 |
| 260 ## - PUBLICATION, DISTRIBUTION, ETC. | |
| Place of publication, distribution, etc. | Canada |
| Name of publisher, distributor, etc. | Wiley |
| Date of publication, distribution, etc. | 1989 |
| 300 ## - PHYSICAL DESCRIPTION | |
| Extent | xv, 453p. ill. |
| Dimensions | cm. |
| 500 ## - GENERAL NOTE | |
| General note | Appendixes A-E 421-440p.; Index 441-453p. |
| 650 ## - SUBJECT ADDED ENTRY--TOPICAL TERM | |
| Topical term or geographic name entry element | Geometric data collection |
| 9 (RLIN) | 719957 |
| 650 ## - SUBJECT ADDED ENTRY--TOPICAL TERM | |
| Topical term or geographic name entry element | Patterson methods |
| 9 (RLIN) | 719958 |
| 650 ## - SUBJECT ADDED ENTRY--TOPICAL TERM | |
| Topical term or geographic name entry element | Refinement of crystal structures |
| 9 (RLIN) | 719959 |
| 650 ## - SUBJECT ADDED ENTRY--TOPICAL TERM | |
| Topical term or geographic name entry element | Diffraction of X-Rays |
| 9 (RLIN) | 716233 |
| 700 ## - ADDED ENTRY--PERSONAL NAME | |
| Personal name | Jensen Lyle H |
| 9 (RLIN) | 719960 |
| 942 ## - ADDED ENTRY ELEMENTS (KOHA) | |
| Classification part | C216-53:8, M9 Carc |
| Koha item type | Textual |
| Source of classification or shelving scheme | Colon Classification (CC) |
| Withdrawn status | Lost status | Source of classification or shelving scheme | Damaged status | Not for loan | Home library | Current library | Date acquired | Source of acquisition | Total Checkouts | Full call number | Barcode | Date last seen | Price effective from | Koha item type |
|---|---|---|---|---|---|---|---|---|---|---|---|---|---|---|
| Colon Classification (CC) | Department of Chemistry Library | Department of Chemistry Library | 2022-10-07 | 3960, 12/03/2015, Educational Book Agency (India) | C216-53:8 M9 Carc | CD0008824 | 2022-10-07 | 2022-10-07 | Textual |
